[Event "EYCC Open-U16 2019"]
[Site "Bratislava"]
[Date "2019.08.06"]
[Round "5.43"]
[White "Kasioumis, Vasilios"]
[Black "Darmogray, Makar"]
[Result "1-0"]
[WhiteElo "2015"]
[BlackElo "2004"]
[Annotator "NA"]
[PlyCount "67"]
[EventDate "2019.08.02"]
[EventType "swiss"]
[EventCountry "SVK"]
[SourceTitle "playchess.com"]
[Source "ChessBase"]
[SourceQuality "1"]
[TimeControl "40/5400+30:1800+30"]

1. e4 {[%emt 0:00:00]} e5 {[%emt 0:00:00]} 2. Nf3 {[%emt 0:00:00]} Nc6 {[%emt 0:00:00]} 3. Bc4 {[%emt 0:00:00]} Nf6 {[%emt 0:00:26]} 4. d3 {[%emt 0:00:00]} h6 {[%emt 0:00:38]} 5. c3 {[%emt 0:00:18]} d6 {[%emt 0:00:07]} 6. O-O {[%emt 0:00:51]} g5 {[%emt 0:00:10]} 7. Re1 {[%emt 0:00:24]} g4 {[%emt 0:00:07]} 8. Nfd2 {[%emt 0:06:34]} h5 {[%emt 0:00:19]} 9. Nf1 {[%emt 0:02:10]} Rg8 {[%emt 0:01:41]} 10. d4 {[%emt 0:03:44]} Rg6 {[%emt 0:04:08]} 11. b4 {[%emt 0:09:41]} h4 {[%emt 0:09:13]} 12. Na3 {[%emt 0:06:43]} Qe7 {[%emt 0:12:19]} 13. Bd3 {[%emt 0:18:56]} Nh7 {[%emt 0:14:44]} 14. Nc4 {[%emt 0:04:36]} Ng5 {[%emt 0:11:21]} 15. b5 {[%emt 0:01:12]} Nd8 {[%emt 0:12:03]} 16. Nfe3 {[%emt 0:03:43]} f6 {[%emt 0:12:04]} 17. Nf5 {[%emt 0:05:32]} Qh7 {[%emt 0:00:35]} 18. Qxg4 {[%emt 0:00:43]} h3 {[%emt 0:02:53]} 19. g3 {[%emt 0:01:41]} Nde6 {[%emt 0:01:14]} 20. Kh1 {[%emt 0:03:32]} Be7 {[%emt 0:09:05]} 21. Qe2 {[%emt 0:03:19]} Bd7 {[%emt 0:03:18]} 22. Be3 {[%emt 0:00:54]} Kf8 {[%emt 0:00:41]} 23. f4 Nf7 {[%emt 0:01:15]} 24. Nxe7 {[%emt 0:01:05]} Kxe7 {[%emt 0:00:01]} 25. f5 {[%emt 0:00:07]} Rgg8 {[%emt 0:00:23]} 26. fxe6 {[%emt 0:00:11]} Bxe6 {[%emt 0:00:01]} 27. d5 {[%emt 0:03:01]} Bg4 {[%emt 0:01:10]} 28. Qf2 {[%emt 0:00:09]} Ng5 {[%emt 0:01:07]} 29. Bxg5 {[%emt 0:00:27]} fxg5 {[%emt 0:00:41]} 30. Ne3 {[%emt 0:00:29]} Raf8 {[%emt 0:00:10]} 31. Nf5+ {[%emt 0:00:24]} Bxf5 {[%emt 0:00:08]} 32. exf5 {[%emt 0:00:05]} Rf6 {[%emt 0:00:07]} 33. Qxa7 {[%emt 0:01:22]} Rxf5 {[%emt 0:00:23]} 34. Qe3 {[%emt 0:00:54]} 1-0

[Event "EYCC Open-U16 2019"]
[Site "Bratislava"]
[Date "2019.08.06"]
[Round "5.44"]
[White "Viczencz, Peter"]
[Black "Jirousek, Jan"]
[Result "0-1"]
[WhiteElo "2014"]
[BlackElo "1924"]
[Annotator "NA"]
[PlyCount "60"]
[EventDate "2019.08.02"]
[EventType "swiss"]
[EventCountry "SVK"]
[SourceTitle "playchess.com"]
[Source "ChessBase"]
[SourceQuality "1"]
[TimeControl "40/5400+30:1800+30"]

1. d4 {[%emt 0:00:00]} d5 {[%emt 0:00:00]} 2. Bf4 {[%emt 0:00:00]} Nf6 {[%emt 0:00:54]} 3. e3 {[%emt 0:00:00]} c5 {[%emt 0:01:55]} 4. Nf3 {[%emt 0:00:03]} Nc6 {[%emt 0:00:46]} 5. c3 {[%emt 0:00:24]} Qb6 {[%emt 0:04:49]} 6. Qb3 {[%emt 0:01:15]} c4 {[%emt 0:00:07]} 7. Qxb6 {[%emt 0:00:14]} axb6 {[%emt 0:00:02]} 8. Nbd2 {[%emt 0:00:33]} b5 {[%emt 0:00:24]} 9. Ne5 {[%emt 0:02:41]} b4 {[%emt 0:08:25]} 10. e4 {[%emt 0:08:34]} e6 {[%emt 0:05:50]} 11. Be2 {[%emt 0:05:06]} bxc3 {[%emt 0:06:14]} 12. bxc3 {[%emt 0:00:07]} Ra3 {[%emt 0:06:56]} 13. Nb1 {[%emt 0:04:38]} Ra6 {[%emt 0:00:46]} 14. exd5 {[%emt 0:02:54]} exd5 {[%emt 0:00:10]} 15. O-O {[%emt 0:02:34]} Be7 {[%emt 0:02:27]} 16. Re1 {[%emt 0:02:15]} Nxe5 {[%emt 0:07:50]} 17. dxe5 {[%emt 0:01:33]} Nd7 {[%emt 0:06:03]} 18. Bg4 {[%emt 0:01:03]} h5 {[%emt 0:07:17]} 19. Bf3 {[%emt 0:04:53]} g5 {[%emt 0:03:43]} 20. Be3 {[%emt 0:02:43]} Nxe5 {[%emt 0:09:49]} 21. Bxd5 {[%emt 0:03:17]} Rd6 {[%emt 0:05:15]} 22. Be4 {[%emt 0:00:39]} O-O {[%emt 0:02:32]} 23. Bd4 {[%emt 0:05:12]} f6 {[%emt 0:02:57]} 24. Na3 {[%emt 0:00:57]} Be6 {[%emt 0:03:23]} 25. Nb5 {[%emt 0:05:04]} Rd7 {[%emt 0:02:10]} 26. h4 {[%emt 0:03:10]} g4 {[%emt 0:07:37]} 27. Bc2 {[%emt 0:04:14]} Bf7 {[%emt 0:01:28]} 28. Bf5 {[%emt 0:16:16]} Rd5 {[%emt 0:00:46]} 29. a4 {[%emt 0:00:07]} Nc6 {[%emt 0:01:29]} 30. Nc7 {[%emt 0:01:10]} Rxf5 {[%emt 0:00:47]} 0-1

[Event "EYCC Open-U16 2019"]
[Site "Bratislava"]
[Date "2019.08.06"]
[Round "5.45"]
[White "Stremavicius, Pijus"]
[Black "Dixa, Oskar"]
[Result "1-0"]
[WhiteElo "2071"]
[BlackElo "1973"]
[Annotator "NA"]
[PlyCount "139"]
[EventDate "2019.08.02"]
[EventType "swiss"]
[EventCountry "SVK"]
[SourceTitle "playchess.com"]
[Source "ChessBase"]
[SourceQuality "1"]
[TimeControl "40/5400+30:1800+30"]

1. d4 {[%emt 0:00:00]} Nf6 {[%emt 0:00:00]} 2. c4 {[%emt 0:00:00]} g6 {[%emt 0:00:00]} 3. Nc3 {[%emt 0:00:00]} Bg7 {[%emt 0:00:00]} 4. e4 {[%emt 0:00:00]} O-O {[%emt 0:00:21]} 5. Bd3 {[%emt 0:00:00]} d6 {[%emt 0:00:21]} 6. Nge2 {[%emt 0:00:06]} Nbd7 {[%emt 0:00:48]} 7. O-O {[%emt 0:00:06]} e5 {[%emt 0:02:27]} 8. d5 {[%emt 0:01:04]} a5 {[%emt 0:00:22]} 9. a3 {[%emt 0:02:42]} Nc5 {[%emt 0:03:45]} 10. Bc2 {[%emt 0:00:06]} b6 {[%emt 0:06:36]} 11. b3 {[%emt 0:03:42]} Ne8 {[%emt 0:08:12]} 12. Rb1 {[%emt 0:02:22]} f5 {[%emt 0:01:24]} 13. exf5 {[%emt 0:00:34]} Bxf5 {[%emt 0:00:32]} 14. b4 {[%emt 0:01:08]} Nd7 {[%emt 0:01:13]} 15. Ng3 {[%emt 0:02:31]} Bxc2 {[%emt 0:00:20]} 16. Qxc2 {[%emt 0:00:04]} Nef6 {[%emt 0:01:19]} 17. Bg5 {[%emt 0:05:59]} Qe7 {[%emt 0:13:36]} 18. Nce4 {[%emt 0:05:02]} h6 {[%emt 0:07:16]} 19. Bxf6 {[%emt 0:03:52]} Nxf6 {[%emt 0:01:13]} 20. f3 {[%emt 0:01:32]} Ra7 {[%emt 0:03:23]} 21. Nxf6+ {[%emt 0:05:47]} Qxf6 {[%emt 0:00:53]} 22. Ne4 {[%emt 0:00:11]} Qf4 {[%emt 0:00:13]} 23. c5 {[%emt 0:02:45]} bxc5 {[%emt 0:16:34]} 24. bxc5 {[%emt 0:00:14]} Qe3+ {[%emt 0:00:24]} 25. Qf2 {[%emt 0:01:12]} Qxf2+ {[%emt 0:01:21]} 26. Kxf2 {[%emt 0:05:45]} dxc5 {[%emt 0:02:16]} 27. Rfc1 {[%emt 0:04:36]} Rd8 {[%emt 0:02:15]} 28. Rxc5 {[%emt 0:00:09]} Bf8 {[%emt 0:00:10]} 29. Rc3 {[%emt 0:03:46]} Kf7 {[%emt 0:02:17]} 30. Rb5 {[%emt 0:02:13]} Rd7 {[%emt 0:05:20]} 31. a4 {[%emt 0:00:40]} Ra8 {[%emt 0:03:39]} 32. Rc6 {[%emt 0:00:35]} Bb4 {[%emt 0:00:49]} 33. Rb7 {[%emt 0:04:42]} Rad8 {[%emt 0:03:07]} 34. Ra7 {[%emt 0:04:30]} Be7 {[%emt 0:05:13]} 35. Rxa5 {[%emt 0:03:10]} Rxd5 {[%emt 0:00:06]} 36. Rxd5 {[%emt 0:00:08]} Rxd5 {[%emt 0:00:02]} 37. Rxc7 {[%emt 0:00:09]} Rd4 {[%emt 0:00:02]} 38. a5 {[%emt 0:02:06]} Ra4 {[%emt 0:00:17]} 39. Ra7 {[%emt 0:00:06]} Ke6 {[%emt 0:01:54]} 40. Ra6+ {[%emt 0:00:00]} Kf5 {[%emt 0:00:00]} 41. Kg3 {[%emt 0:07:59]} g5 {[%emt 0:03:00]} 42. Nc3 {[%emt 0:07:31]} Rd4 {[%emt 0:05:01]} 43. Rxh6 {[%emt 0:00:43]} Bb4 {[%emt 0:05:48]} 44. Kf2 {[%emt 0:04:40]} g4 {[%emt 0:04:57]} 45. Ne4 {[%emt 0:01:10]} Be7 {[%emt 0:03:01]} 46. a6 {[%emt 0:02:41]} gxf3 {[%emt 0:00:23]} 47. gxf3 {[%emt 0:00:22]} Ra4 {[%emt 0:00:12]} 48. Kg3 {[%emt 0:00:51]} Ra1 {[%emt 0:01:03]} 49. Rc6 {[%emt 0:02:17]} Bg5 {[%emt 0:00:41]} 50. Nxg5 {[%emt 0:01:19]} Kxg5 {[%emt 0:00:10]} 51. h4+ {[%emt 0:01:05]} Kh5 {[%emt 0:00:08]} 52. Re6 {[%emt 0:01:53]} Ra5 {[%emt 0:01:18]} 53. a7 {[%emt 0:05:26]} Rxa7 {[%emt 0:01:12]} 54. Rxe5+ {[%emt 0:00:00]} Kh6 {[%emt 0:00:25]} 55. Kg4 {[%emt 0:00:26]} Ra1 {[%emt 0:05:56]} 56. Re6+ {[%emt 0:00:07]} Kg7 {[%emt 0:00:10]} 57. f4 {[%emt 0:01:09]} Rg1+ {[%emt 0:00:22]} 58. Kf5 {[%emt 0:07:54]} Rh1 {[%emt 0:01:24]} 59. Rg6+ {[%emt 0:00:04]} Kf7 {[%emt 0:00:28]} 60. Rg4 {[%emt 0:00:14]} Rh2 {[%emt 0:02:50]} 61. Kg5 {[%emt 0:00:14]} Kg7 {[%emt 0:02:48]} 62. Rg3 {[%emt 0:00:51]} Rh1 {[%emt 0:00:51]} 63. h5 {[%emt 0:01:39]} Rh2 {[%emt 0:00:19]} 64. Ra3 {[%emt 0:02:57]} Rg2+ {[%emt 0:00:14]} 65. Kf5 {[%emt 0:00:04]} Rg1 {[%emt 0:02:43]} 66. Ra6 {[%emt 0:03:48]} Rh1 {[%emt 0:03:15]} 67. Ra7+ {[%emt 0:02:06]} Kh6 {[%emt 0:00:56]} 68. Kf6 {[%emt 0:01:24]} Rf1 {[%emt 0:01:52]} 69. f5 {[%emt 0:00:24]} Kxh5 {[%emt 0:01:06]} 70. Ra2 {[%emt 0:00:11]} 1-0

[Event "EYCC Open-U16 2019"]
[Site "Bratislava"]
[Date "2019.08.06"]
[Round "5.46"]
[White "Velkovski, Kristijan"]
[Black "Holly, Andrej"]
[Result "1/2-1/2"]
[WhiteElo "1953"]
[BlackElo "2046"]
[Annotator "NA"]
[PlyCount "50"]
[EventDate "2019.08.02"]
[EventType "swiss"]
[EventCountry "SVK"]
[SourceTitle "playchess.com"]
[Source "ChessBase"]
[SourceQuality "1"]
[TimeControl "40/5400+30:1800+30"]

1. e4 c5 {[%emt 0:00:00]} 2. Nf3 {[%emt 0:00:00]} Nc6 {[%emt 0:00:00]} 3. Bb5 {[%emt 0:00:00]} g6 {[%emt 0:02:05]} 4. O-O {[%emt 0:01:40]} Bg7 {[%emt 0:01:07]} 5. Re1 {[%emt 0:02:53]} e5 {[%emt 0:01:58]} 6. c3 {[%emt 0:06:29]} Nge7 {[%emt 0:03:11]} 7. d3 {[%emt 0:04:22]} O-O {[%emt 0:03:34]} 8. Be3 {[%emt 0:04:27]} d6 {[%emt 0:03:31]} 9. Nbd2 {[%emt 0:02:10]} a6 {[%emt 0:07:09]} 10. Ba4 {[%emt 0:06:51]} b5 {[%emt 0:08:07]} 11. Bc2 {[%emt 0:00:59]} Rb8 {[%emt 0:01:13]} 12. Nf1 {[%emt 0:01:03]} b4 {[%emt 0:10:23]} 13. Qd2 {[%emt 0:04:35]} Bg4 {[%emt 0:04:23]} 14. Bd1 {[%emt 0:00:15]} f5 {[%emt 0:08:25]} 15. Bh6 {[%emt 0:03:58]} f4 {[%emt 0:02:45]} 16. Bxg7 {[%emt 0:00:13]} Kxg7 {[%emt 0:00:15]} 17. h3 {[%emt 0:01:20]} Bxf3 {[%emt 0:01:53]} 18. Bxf3 {[%emt 0:00:16]} Qa5 {[%emt 0:02:29]} 19. Bd1 {[%emt 0:05:26]} bxc3 {[%emt 0:07:37]} 20. bxc3 {[%emt 0:00:19]} Qa3 {[%emt 0:01:38]} 21. Bb3 {[%emt 0:01:29]} Na5 {[%emt 0:02:36]} 22. Qc2 {[%emt 0:05:39]} Nxb3 {[%emt 0:08:25]} 23. axb3 {[%emt 0:03:14]} Qxb3 {[%emt 0:00:01]} 24. Qxb3 {[%emt 0:00:15]} Rxb3 {[%emt 0:00:01]} 25. Rxa6 {[%emt 0:00:34]} Rxc3 {[%emt 0:12:02]} 1/2-1/2

[Event "EYCC Open-U16 2019"]
[Site "Bratislava"]
[Date "2019.08.06"]
[Round "5.47"]
[White "Akulov, Lev"]
[Black "Magold, Victor"]
[Result "1/2-1/2"]
[WhiteElo "2068"]
[BlackElo "1962"]
[Annotator "NA"]
[PlyCount "63"]
[EventDate "2019.08.02"]
[EventType "swiss"]
[EventCountry "SVK"]
[SourceTitle "playchess.com"]
[Source "ChessBase"]
[SourceQuality "1"]
[TimeControl "40/5400+30:1800+30"]

1. e4 {[%emt 0:00:00]} c5 {[%emt 0:00:00]} 2. Nf3 {[%emt 0:00:00]} e6 {[%emt 0:00:00]} 3. d4 {[%emt 0:00:00]} cxd4 {[%emt 0:00:00]} 4. Nxd4 {[%emt 0:00:00]} a6 {[%emt 0:00:00]} 5. Nc3 {[%emt 0:00:00]} Qc7 {[%emt 0:00:18]} 6. Bd3 {[%emt 0:00:55]} Nf6 {[%emt 0:00:55]} 7. O-O {[%emt 0:02:23]} Be7 {[%emt 0:00:46]} 8. Kh1 {[%emt 0:07:05]} Nc6 {[%emt 0:01:20]} 9. Nxc6 {[%emt 0:02:24]} bxc6 {[%emt 0:00:16]} 10. f4 {[%emt 0:00:41]} d5 {[%emt 0:00:28]} 11. e5 {[%emt 0:00:45]} Nd7 {[%emt 0:00:18]} 12. Qg4 {[%emt 0:01:35]} g6 {[%emt 0:00:43]} 13. Bd2 {[%emt 0:16:43]} Bb7 {[%emt 0:03:49]} 14. Rae1 {[%emt 0:05:26]} O-O-O {[%emt 0:16:03]} 15. Na4 {[%emt 0:05:53]} c5 {[%emt 0:11:20]} 16. b3 {[%emt 0:00:44]} Nb8 {[%emt 0:17:23]} 17. Qe2 {[%emt 0:05:04]} h5 {[%emt 0:16:01]} 18. Rb1 {[%emt 0:08:57]} Rdg8 {[%emt 0:15:08]} 19. c4 {[%emt 0:04:07]} d4 {[%emt 0:00:28]} 20. b4 {[%emt 0:01:30]} cxb4 {[%emt 0:06:55]} 21. Bxb4 {[%emt 0:00:32]} Bc6 {[%emt 0:02:25]} 22. Bxe7 {[%emt 0:00:47]} Qxe7 {[%emt 0:00:05]} 23. Nb6+ {[%emt 0:00:53]} Kc7 {[%emt 0:00:44]} 24. Qb2 {[%emt 0:04:31]} Qc5 {[%emt 0:02:00]} 25. Na4 {[%emt 0:11:53]} Bxa4 {[%emt 0:00:51]} 26. Qb7+ {[%emt 0:00:02]} Kd8 {[%emt 0:00:10]} 27. Qxb8+ {[%emt 0:00:05]} Ke7 {[%emt 0:00:08]} 28. Qb7+ {[%emt 0:08:29]} Bd7 {[%emt 0:00:06]} 29. Be4 {[%emt 0:00:52]} a5 {[%emt 0:02:59]} 30. Qa6 Bc8 31. Rb5 Qxc4 32. Qd6+ {Qc5 Qa6 Bxa6} 1/2-1/2

[Event "EYCC Open-U16 2019"]
[Site "Bratislava"]
[Date "2019.08.06"]
[Round "5.48"]
[White "Sanger, Jake M"]
[Black "Dabic, Stjepan"]
[Result "1-0"]
[WhiteElo "1867"]
[BlackElo "2102"]
[Annotator "NA"]
[PlyCount "45"]
[EventDate "2019.08.02"]
[EventType "swiss"]
[EventCountry "SVK"]
[SourceTitle "playchess.com"]
[Source "ChessBase"]
[SourceQuality "1"]
[TimeControl "40/5400+30:1800+30"]

1. d4 {[%emt 0:00:00]} Nf6 {[%emt 0:00:00]} 2. Nf3 {[%emt 0:00:00]} g6 {[%emt 0:00:00]} 3. Nc3 {[%emt 0:00:00]} d5 {[%emt 0:00:00]} 4. Bf4 {[%emt 0:00:00]} Bg7 {[%emt 0:00:11]} 5. e3 {[%emt 0:00:00]} Bg4 {[%emt 0:00:14]} 6. Be2 {[%emt 0:00:03]} c6 {[%emt 0:00:31]} 7. Ne5 {[%emt 0:00:13]} Bxe2 {[%emt 0:00:26]} 8. Qxe2 {[%emt 0:00:03]} Nh5 {[%emt 0:01:13]} 9. g4 {[%emt 0:06:04]} Nxf4 {[%emt 0:00:14]} 10. exf4 {[%emt 0:00:04]} Nd7 {[%emt 0:00:36]} 11. h4 {[%emt 0:20:24]} Qb6 {[%emt 0:05:21]} 12. O-O-O {[%emt 0:00:53]} O-O-O {[%emt 0:00:25]} 13. Nxf7 {[%emt 0:16:36]} Bxd4 {[%emt 0:00:10]} 14. Rh3 {[%emt 0:12:31]} Rhf8 {[%emt 0:04:30]} 15. Nxd8 {[%emt 0:01:10]} Kxd8 {[%emt 0:00:04]} 16. Na4 {[%emt 0:07:15]} Qb4 {[%emt 0:00:35]} 17. c3 {[%emt 0:00:23]} Qxa4 {[%emt 0:00:09]} 18. Rxd4 {[%emt 0:00:09]} Qxa2 {[%emt 0:00:53]} 19. c4 {[%emt 0:03:51]} Qa1+ {[%emt 0:01:40]} 20. Kc2 {[%emt 0:00:10]} e6 {[%emt 0:01:23]} 21. Ra3 {[%emt 0:05:51]} Qh1 {[%emt 0:00:27]} 22. cxd5 {[%emt 0:00:18]} exd5 {[%emt 0:00:28]} 23. Rxa7 {[%emt 0:00:34]} 1-0

[Event "EYCC Open-U16 2019"]
[Site "Bratislava"]
[Date "2019.08.07"]
[Round "6.1"]
[White "Teclaf, Pawel"]
[Black "Pogosyan, Stefan"]
[Result "1/2-1/2"]
[WhiteElo "2454"]
[BlackElo "2334"]
[Annotator "ChessBase"]
[PlyCount "53"]
[EventDate "2019.08.02"]
[EventType "swiss"]
[EventCountry "SVK"]
[SourceTitle "playchess.com"]
[Source "ChessBase"]
[SourceQuality "1"]
[TimeControl "40/5400+30:1800+30"]

1. Nf3 {[%emt 0:00:00]} Nf6 {[%emt 0:00:58]} 2. b3 {[%emt 0:00:00]} e6 {[%emt 0:02:22]} 3. Bb2 {[%emt 0:02:31]} b6 {[%emt 0:00:28]} 4. g3 {[%emt 0:01:49]} Bb7 {[%emt 0:00:10]} 5. Bg2 {[%emt 0:00:08]} Be7 {[%emt 0:01:22]} 6. O-O {[%emt 0:02:05]} O-O {[%emt 0:00:18]} 7. c4 {[%emt 0:01:16]} d5 {[%emt 0:03:53]} 8. e3 {[%emt 0:04:17]} c5 {[%emt 0:02:06]} 9. Qe2 {[%emt 0:01:43]} Nc6 {[%emt 0:05:22]} 10. Rd1 {[%emt 0:02:06]} Qc7 {[%emt 0:15:06]} 11. Nc3 {[%emt 0:02:55]} dxc4 {[%emt 0:10:07]} 12. bxc4 {[%emt 0:02:20]} Rad8 {[%emt 0:01:15]} 13. d3 {[%emt 0:14:07]} Rd7 {[%emt 0:01:49]} 14. Ne1 {[%emt 0:03:59]} Nb4 {[%emt 0:02:23]} 15. f4 {[%emt 0:03:35]} Bxg2 {[%emt 0:01:13]} 16. Kxg2 {[%emt 0:01:03]} Rfd8 {[%emt 0:03:22]} 17. g4 {[%emt 0:03:58]} a6 {[%emt 0:02:37]} 18. a3 {[%emt 0:02:45]} Nc6 {[%emt 0:00:33]} 19. Rab1 {[%emt 0:01:09]} Ne8 {[%emt 0:13:38]} 20. Ba1 {[%emt 0:04:29]} Bf8 {[%emt 0:00:52]} 21. h4 {[%emt 0:06:11]} Nd6 {[%emt 0:05:20]} 22. Nf3 {[%emt 0:04:22]} b5 {[%emt 0:04:50]} 23. cxb5 {[%emt 0:02:53]} Nxb5 {[%emt 0:01:33]} 24. Nxb5 {[%emt 0:05:14]} axb5 {[%emt 0:00:06]} 25. Rxb5 {[%emt 0:00:04]} Qa7 {[%emt 0:01:32]} 26. Rb3 {[%emt 0:09:43]} c4 {[%emt 0:05:23]} 27. Rc3 {[%emt 0:00:58]} 1/2-1/2

[Event "EYCC Open-U16 2019"]
[Site "Bratislava"]
[Date "2019.08.07"]
[Round "6.2"]
[White "Sahidi, Samir"]
[Black "Barseghyan, Armen Ar."]
[Result "1/2-1/2"]
[WhiteElo "2369"]
[BlackElo "2313"]
[Annotator "NA"]
[PlyCount "59"]
[EventDate "2019.08.02"]
[EventType "swiss"]
[EventCountry "SVK"]
[SourceTitle "playchess.com"]
[Source "ChessBase"]
[SourceQuality "1"]
[TimeControl "40/5400+30:1800+30"]

1. d4 {[%emt 0:00:00]} Nf6 {[%emt 0:01:05]} 2. Nf3 {[%emt 0:00:23]} g6 {[%emt 0:00:24]} 3. Bf4 {[%emt 0:01:12]} Bg7 {[%emt 0:00:26]} 4. e3 {[%emt 0:01:46]} d6 {[%emt 0:00:31]} 5. h3 {[%emt 0:01:16]} O-O {[%emt 0:00:56]} 6. Be2 {[%emt 0:02:12]} Nc6 {[%emt 0:01:14]} 7. c3 {[%emt 0:07:58]} Ne4 {[%emt 0:01:16]} 8. O-O {[%emt 0:07:17]} e5 {[%emt 0:02:18]} 9. Bh2 {[%emt 0:00:39]} f5 {[%emt 0:08:12]} 10. dxe5 {[%emt 0:03:23]} Nxe5 {[%emt 0:02:48]} 11. Nd4 {[%emt 0:12:53]} Kh8 {[%emt 0:01:58]} 12. Nd2 {[%emt 0:00:28]} Qe7 {[%emt 0:02:22]} 13. Qc2 {[%emt 0:02:04]} Nxd2 {[%emt 0:05:45]} 14. Qxd2 {[%emt 0:00:10]} Bd7 {[%emt 0:00:59]} 15. Rad1 {[%emt 0:03:44]} Rae8 {[%emt 0:06:53]} 16. Kh1 {[%emt 0:04:17]} g5 {[%emt 0:07:55]} 17. f4 {[%emt 0:04:10]} Ng6 {[%emt 0:04:08]} 18. fxg5 {[%emt 0:02:18]} Qxg5 {[%emt 0:05:36]} 19. Bf3 {[%emt 0:01:04]} b6 {[%emt 0:08:03]} 20. Bf4 {[%emt 0:04:37]} Nxf4 {[%emt 0:02:55]} 21. exf4 {[%emt 0:00:08]} Qg3 {[%emt 0:00:46]} 22. Bd5 {[%emt 0:17:11]} Re7 {[%emt 0:05:21]} 23. Rf3 {[%emt 0:02:32]} Qh4 {[%emt 0:00:35]} 24. Qf2 {[%emt 0:04:26]} Qxf2 {[%emt 0:00:14]} 25. Rxf2 {[%emt 0:00:07]} Rfe8 {[%emt 0:00:11]} 26. Kh2 {[%emt 0:01:42]} a5 {[%emt 0:06:46]} 27. Nc6 {[%emt 0:01:56]} Re2 {[%emt 0:01:11]} 28. Rd2 {[%emt 0:00:37]} R2e3 {[%emt 0:01:20]} 29. Rf3 {[%emt 0:02:49]} Re1 {[%emt 0:00:27]} 30. Rff2 {[%emt 0:01:33]} 1/2-1/2

[Event "EYCC Open-U16 2019"]
[Site "Bratislava"]
[Date "2019.08.07"]
[Round "6.3"]
[White "Ognean, Mihnea-Ionut"]
[Black "Globus, Or"]
[Result "1/2-1/2"]
[WhiteElo "2287"]
[BlackElo "2352"]
[Annotator "NA"]
[PlyCount "28"]
[EventDate "2019.08.02"]
[EventType "swiss"]
[EventCountry "SVK"]
[SourceTitle "playchess.com"]
[Source "ChessBase"]
[SourceQuality "1"]
[TimeControl "40/5400+30:1800+30"]

1. d4 {[%emt 0:00:00]} Nf6 {[%emt 0:00:00]} 2. c4 {[%emt 0:00:00]} e6 {[%emt 0:00:45]} 3. Nc3 {[%emt 0:00:09]} Bb4 {[%emt 0:00:06]} 4. f3 {[%emt 0:00:33]} c5 {[%emt 0:00:29]} 5. d5 {[%emt 0:00:11]} d6 {[%emt 0:01:04]} 6. e4 {[%emt 0:00:58]} b5 {[%emt 0:00:37]} 7. dxe6 {[%emt 0:00:40]} Bxe6 {[%emt 0:00:27]} 8. Bf4 {[%emt 0:00:03]} O-O {[%emt 0:02:27]} 9. Qxd6 {[%emt 0:00:04]} Qa5 {[%emt 0:00:24]} 10. Nge2 {[%emt 0:00:04]} Bxc4 {[%emt 0:00:41]} 11. a3 {[%emt 0:14:21]} Na6 {[%emt 0:01:24]} 12. Bg5 {[%emt 0:00:04]} Bxe2 {[%emt 0:08:40]} 13. Bxf6 {[%emt 0:00:06]} gxf6 {[%emt 0:00:54]} 14. Qxf6 {[%emt 0:00:05]} Bxc3+ {[%emt 0:03:10]} 1/2-1/2

[Event "EYCC Open-U16 2019"]
[Site "Bratislava"]
[Date "2019.08.07"]
[Round "6.4"]
[White "De Boer, Eelke"]
[Black "Milosevic, Milos"]
[Result "1-0"]
[WhiteElo "2279"]
[BlackElo "2312"]
[Annotator "NA"]
[PlyCount "89"]
[EventDate "2019.08.02"]
[EventType "swiss"]
[EventCountry "SVK"]
[SourceTitle "playchess.com"]
[Source "ChessBase"]
[SourceQuality "1"]
[TimeControl "40/5400+30:1800+30"]

1. e4 {[%emt 0:00:00]} e6 {[%emt 0:00:00]} 2. d4 {[%emt 0:00:00]} d5 {[%emt 0:00:00]} 3. Nc3 {[%emt 0:00:00]} Bb4 {[%emt 0:00:00]} 4. e5 {[%emt 0:00:06]} c5 {[%emt 0:00:00]} 5. a3 {[%emt 0:00:09]} Bxc3+ {[%emt 0:00:00]} 6. bxc3 {[%emt 0:00:13]} Qa5 {[%emt 0:00:00]} 7. Bd2 {[%emt 0:00:17]} Qa4 {[%emt 0:00:00]} 8. Qg4 {[%emt 0:00:09]} Kf8 {[%emt 0:00:00]} 9. Qd1 {[%emt 0:00:08]} b6 {[%emt 0:00:00]} 10. dxc5 {[%emt 0:05:19]} bxc5 {[%emt 0:01:19]} 11. Rb1 {[%emt 0:00:54]} Ba6 {[%emt 0:05:07]} 12. Bxa6 {[%emt 0:00:22]} Qxa6 {[%emt 0:02:01]} 13. Qe2 {[%emt 0:01:41]} Qc6 {[%emt 0:24:51]} 14. c4 {[%emt 0:21:47]} d4 {[%emt 0:05:04]} 15. Nf3 {[%emt 0:00:59]} Ne7 {[%emt 0:01:20]} 16. O-O {[%emt 0:01:52]} h6 {[%emt 0:00:05]} 17. c3 {[%emt 0:00:21]} dxc3 {[%emt 0:02:28]} 18. Bxc3 {[%emt 0:00:09]} Nc8 {[%emt 0:11:56]} 19. Rfd1 {[%emt 0:06:43]} Nd7 {[%emt 0:03:53]} 20. Rxd7 {[%emt 0:08:15]} Qxd7 {[%emt 0:01:48]} 21. Qe4 {[%emt 0:00:24]} Nb6 {[%emt 0:00:08]} 22. Rxb6 {[%emt 0:00:16]} axb6 {[%emt 0:08:02]} 23. Qxa8+ {[%emt 0:00:07]} Qe8 {[%emt 0:00:01]} 24. Qb7 {[%emt 0:00:12]} Qd8 {[%emt 0:00:41]} 25. Nd2 {[%emt 0:00:50]} Kg8 {[%emt 0:01:25]} 26. Qf3 {[%emt 0:12:07]} Qd7 {[%emt 0:04:25]} 27. Ne4 {[%emt 0:01:31]} Kh7 {[%emt 0:02:10]} 28. Nd6 {[%emt 0:05:15]} Rf8 {[%emt 0:00:12]} 29. g4 {[%emt 0:06:50]} Qa4 {[%emt 0:03:33]} 30. g5 {[%emt 0:02:08]} Qxa3 {[%emt 0:07:24]} 31. g6+ {[%emt 0:04:05]} Kxg6 {[%emt 0:00:40]} 32. Qd3+ {[%emt 0:00:12]} Kh5 {[%emt 0:00:12]} 33. Qe2+ {[%emt 0:08:05]} Kg6 {[%emt 0:00:19]} 34. Qc2+ {[%emt 0:00:54]} Kh5 {[%emt 0:00:15]} 35. Ne4 {[%emt 0:01:04]} Qa8 {[%emt 0:02:12]} 36. Ng3+ {[%emt 0:04:10]} Kh4 {[%emt 0:01:15]} 37. Qe2 {[%emt 0:00:58]} g6 {[%emt 0:01:06]} 38. Qe3 {[%emt 0:06:13]} g5 {[%emt 0:00:41]} 39. Qe2 {[%emt 0:00:25]} g4 {[%emt 0:01:08]} 40. Qe3 {[%emt 0:00:00]} Rh8 {[%emt 0:00:00]} 41. Ne4 {[%emt 0:00:35]} Kh5 {[%emt 0:06:37]} 42. Qf4 {[%emt 0:01:36]} f5 {[%emt 0:01:54]} 43. exf6 {[%emt 0:00:13]} Qd8 {[%emt 0:01:03]} 44. Ng3+ {[%emt 0:04:52]} Kh4 {[%emt 0:00:09]} 45. f7 {[%emt 0:00:20]} 1-0